| 000 | 00578nam a2200193Ia 4500 | ||
|---|---|---|---|
| 003 | GCL | ||
| 008 | 140319s9999 xx 000 0 ara d | ||
| 040 |
_aGCL / _cGCL |
||
| 082 | 0 | 4 |
_a895.6 _bك ب |
| 100 | 1 | _aعبدالرزاق جعفر | |
| 245 | 1 | 0 |
_aالبحيرة: رواية يابنية / _cعبدالرزاق جعفر |
| 700 | 1 | _aكاواباتا , ياسونارى | |
| 300 | _a134 ص | ||
| 490 | _a | ||
| 650 | 0 | 4 | _aالادب اليابانى |
| 650 | 0 | 4 | _aالادب اليابانى المترجم |
| 650 | 0 | 4 | _aالقصة اليابانية |
| 942 |
_2ddc _cBK |
||
| 999 |
_c38606 _d38606 |
||